Statistics for Største byer på Sjælland - med kort

Click here to take the quiz!

General Stats

  • This quiz has been taken 235 times
  • The average score is 15 of 30

Answers on the Map

Answers color-coded by a green-red scale on the quiz's map according to % correct below.
 

Answer Stats

IndbyggertalBy% Correct
1,320,629København
97%
51,151Roskilde
96%
47,346Helsingør
84%
37,557Køge
84%
43,440Næstved
83%
33,871Slagelse
78%
33,088Hillerød
77%
22,900Ringsted
68%
28,538Holbæk
67%
16,268Frederikssund
63%
14,647Korsør
61%
16,370Kalundborg
60%
12,005Vordingborg
60%
34,248Taastrup
55%
16,687Solrød Strand
51%
47,487Hørsholm
49%
20,740Birkerød
43%
22,030Ølstykke-Stenløse
43%
20,372Farum
41%
12,549Frederiksværk
38%
8,597Hundested
37%
10,105Jyllinge
34%
8,288Helsinge
31%
11,897Haslev
26%
12,250Hedehusene
26%
16,906Lillerød
25%
12,977Værløse
22%
9,657Humlebæk
21%
8,703Fredensborg St.by
19%
19,925Smørumnedre
10%

Score Distribution

Percentile by Number Answered

Percent of People with Each Score

Your Score History

You have not taken this quiz